000
00224nam a22000857a 4500
008
160824b xxu||||| |||| 00| 0 eng d
100
_9
237
_a
Doshi D
245
_a
Mastering Science-7
260
_a
New Delhi
_b
Cordova publication
_c
2016
999
_c
2892
_d
2892